|
|
|
|
| LEADER |
00000nab#a22000007a#4500 |
| 001 |
arbauad001911 |
| 003 |
AR-BaUAD |
| 005 |
20250711110456.0 |
| 008 |
930804|||||||||###||||||b###|0###a|spa|| |
| 040 |
|
|
|a AR-BaUAD
|c AR-BaUAD
|b spa
|
| 245 |
1 |
0 |
|a Daniel Ramos Correas, paisajista y arquitecto
|
| 300 |
0 |
|
|b fot.
|
| 653 |
|
|
|a PAISAJISMO
|
| 653 |
|
|
|a ARQUITECTURA
|
| 653 |
|
|
|a RAMOS CORREAS, DANIEL
|
| 653 |
|
|
|a ARQUITECTOS
|
| 653 |
|
|
|a PAISAJISTAS
|
| 653 |
|
|
|a CHILE
|
| 653 |
|
|
|a SIGLO XIX
|
| 653 |
|
|
|a BIOGRAFIAS
|
| 653 |
|
|
|a SIGLO XX
|
| 653 |
|
|
|a TRAYECTORIA PROFESIONAL
|
| 653 |
|
|
|a MENDOZA
|
| 653 |
|
|
|a ARGENTINA
|
| 773 |
0 |
|
|t SUMMA
|g no. 99 [mar.-abr. 1976], p. 21-25
|
| 942 |
|
|
|c ARTI
|
| 952 |
|
|
|0 0
|1 0
|4 0
|7 0
|9 46831
|a AR-BAuAD
|b AR-BAuAD
|d 2025-07-11
|l 0
|p AAQA001911
|r 2025-07-11 11:04:56
|w 2025-07-11
|y ARTI
|
| 990 |
|
|
|a P197
|b TD
|
| 998 |
|
|
|a AAQ
|b BIBUN76
|
| 999 |
|
|
|c 26504
|d 26504
|